| 000 | 00865nam a2200265Ia 4500 | ||
|---|---|---|---|
| 003 | OSt | ||
| 005 | 20221005092945.0 | ||
| 006 | a|||||r|||| 00| 0 | ||
| 007 | ta | ||
| 008 | 221004b |||||||| |||| 00| 0 eng d | ||
| 020 |
_a9780292704800 (pbk) _c1057.64 |
||
| 024 | _a119029 | ||
| 037 |
_b33595, 01/12/2011, Segment Book Distributors _cTextual |
||
| 040 |
_aCRL _cCRL _beng |
||
| 041 |
_2eng _aeng |
||
| 082 | _aR7:g, N9 | ||
| 100 |
_aAbed al - Jabri _9617940 |
||
| 245 | 0 |
_aArab - islamic philosophy _b A contemporary critique |
|
| 260 |
_aNew York _bThe Center for Middle Eastern Studies U.S.A _c1999 |
||
| 300 |
_axxi, 130p. _ccm. |
||
| 650 | _aPHILOSOPHY | ||
| 700 |
_a Abbassi Aziz Tr. _9617941 |
||
| 942 |
_hR7:g, N9 _cTEXL _2cc |
||
| 999 |
_c999592 _d999592 |
||